| 000 | 00382nam a2200181Ia 4500 | ||
|---|---|---|---|
| 008 | 210210b1955 xxu||||| |||| 00| 0 eng d | ||
| 041 | _aeng | ||
| 082 | _a731/10 | ||
| 100 | _aGOVERNMENT OF CHINA | ||
| 245 | _aSongs of new China | ||
| 260 |
_aChina _b- _c1955 |
||
| 650 | _aSongs | ||
| 650 | _aof | ||
| 650 | _anew | ||
| 650 | _aChina | ||
| 690 | _aMusic | ||
| 906 | _a011022 | ||
| 999 |
_c139095 _d139095 |
||